|
|
|
|
| LEADER |
01520nam a2200397 a 4500 |
| 001 |
000073514 |
| 003 |
CZ BrMZK |
| 005 |
20220119152849.0 |
| 007 |
ta |
| 008 |
950313s1996 xxu f 0 eng d |
| 040 |
|
|
|a BOA001
|b cze
|
| 072 |
|
7 |
|a 56
|x Paleontologie
|2 Konspekt
|9 7
|
| 080 |
|
|
|a 597.5
|2 MRF
|
| 080 |
|
|
|a 56:597.2/.5
|2 MRF
|
| 080 |
|
|
|a 551.7"622.64"
|2 MRF
|
| 080 |
|
|
|a 56:592/599.06
|2 MRF
|
| 080 |
|
|
|a (048.8)
|2 MRF
|
| 100 |
1 |
|
|a Tyler, James C.,
|d 1935-
|7 ola2003193871
|4 aut
|
| 245 |
1 |
0 |
|a New superfamily and three new families of tetraodontiform fishes from the Upper Cretaceous: the Earliest and most morphologically primitive plectognaths /
|c James C. Tyler and Lorenzo Sorbini.
|
| 260 |
|
|
|a Washington :
|b Smithsonian Institution Press,
|c 1996
|
| 300 |
|
|
|a iii, 59 s. :
|b il. ;
|c 28 cm
|
| 490 |
1 |
|
|a Smithsonian contributions to paleobiology ;
|v no. 82
|
| 504 |
|
|
|a Obsahuje bibliografii
|
| 541 |
|
|
|a Washington, U.S. Government Printing Office
|
| 650 |
0 |
7 |
|a kostnatí
|7 ph170606
|2 czenas
|
| 650 |
0 |
7 |
|a fosilní ryby
|7 ph114574
|2 czenas
|
| 650 |
0 |
7 |
|a svrchní křída
|7 ph117953
|2 czenas
|
| 650 |
0 |
7 |
|a systematická paleozoologie
|7 ph135056
|2 czenas
|
| 653 |
0 |
|
|a čtverzubci
|
| 655 |
|
7 |
|a studie
|7 fd133597
|2 czenas
|
| 700 |
1 |
|
|a Sorbini, Lorenzo
|4 aut
|
| 830 |
|
0 |
|a Smithsonian contributions to paleobiology
|
| 910 |
|
|
|a BOA001
|b 4-1021.717
|
| 964 |
|
|
|a Tetraodontidae
|x druhy
|
| 990 |
|
|
|a BK
|
| 996 |
7 |
|
|b 2610038021
|c 4-1021.717
|l MZK
|r Sklad / do 1 hodiny
|n 0
|p vým
|w 000073514
|u 000010
|a 1
|e BOA001
|j MZK50
|s A
|